书目信息 |
| 题名: |
当代西方建筑美学
|
|
| 作者: | 万书元 著 | |
| 分册: | ||
| 出版信息: | 南京 东南大学出版社 2001.07 |
|
| 页数: | 389页 | |
| 开本: | 16cm | |
| 丛书名: | 当代建筑美学趋势(上) | |
| 单 册: | ||
| 中图分类: | TU-80 | |
| 科图分类: | ||
| 主题词: | 建筑艺术--理论 | |
| 电子资源: | ||
| ISBN: | 7-81050-746-X | |
| 000 | 00634nam0 2200217 45 | |
| 001 | 0231971006 | |
| 005 | 2002110508525100 | |
| 010 | @a7-81050-746-X@b压膜@dRMB 55.00 | |
| 100 | @a20021105d2001 km y0chiy0120 ea | |
| 101 | 0 | @achi |
| 102 | @aCN | |
| 200 | 1 | @a当代西方建筑美学@Adang dai xi fang jian zhu mei xue@f万书元著@Fwan shu yuan zhu |
| 210 | @a南京@c东南大学出版社@d2001.07 | |
| 215 | @a389页@d16cm | |
| 225 | 2 | @a当代建筑美学趋势(上) |
| 461 | 0 | @12001 @a当代建筑美学趋势(上) |
| 606 | 0 | @a建筑艺术@x理论 |
| 690 | @aTU-80@v3 | |
| 701 | 0 | @a万书元@Awan shu yuan@4著 |
| 801 | 0 | @aCN@bPFT@c20021105 |
| 905 | @a10447@dTU-80@eW040 | |
| 当代西方建筑美学/万书元著.-南京:东南大学出版社,2001.07 |
| 389页;16cm.-(当代建筑美学趋势(上)) |
| ISBN 7-81050-746-X(压膜):RMB 55.00 |
| ● |
| 相关链接 |
|
|
|
正题名:当代西方建筑美学
索取号:TU-80/W040
 
预约/预借
| 序号 | 登录号 | 条形码 | 馆藏地/架位号 | 状态 | 备注 |
| 1 | 359465 | 203594654 | 建筑与城市规划学院资料室/ [索取号:TU-80/W040] | 在馆 | |
| 2 | 359466 | 203594663 | 建筑库101/501自科库 3排3列5层/ [索取号:TU-80/W040] | 在馆 |